Richtige oder falsche Flagge? #1 - Sudden Death - Statistiken

Allgemein
  • Dieses Quiz wurde 3.807 mal gespielt
    946 seit der letzten Aktualisierung
  • Das Durchschnittsergebnis liegt bei 3 aus 20
Answers on the Grid
Answers color-coded by a green-red scale on the quiz's grid according to % correct below.
 
Antwortstatistiken
Antwort % Korrekt
25%
21%
19%
19%
18%
17%
17%
17%
17%
17%
15%
14%
14%
13%
12%
10%
9%
9%
8%
7%
Keine übereinstimmenden Quizze gefunden
Verteilung der Resultate
Anzahl Personen mit jedem Resultat
Perzentil nach korrekt beantworteten Fragen
Ihre Resultats-Entwicklung
Sie haben dieses Quiz seit der letzten Aktualisierung nicht gespielt